Ťažká šifra s estetickou platnosťou

Bibliographic Details
Main Author: Hochel, Igor, 1953- (Author)
Format: Article
Language:Slovak
ISSN:0231-6714
Subjects:

MARC

LEADER 00000nab a2200000 a 4500
001 vtls000655031
003 SK-MaSNL
005 20260304085501.0
008 250425c1998 xo 0 slo
015 |a SNBRA1998/03-07588 
035 |a CLN000007224 
035 |a urn:nbn:sk:snk-abbrlv 
035 |a (urnnbn)urn:nbn:sk:snk:ar-0000bo 
035 |a (uuid)5430f76c-2228-44a9-96a6-44f27ce91d4e 
040 |a SNKBUCL  |b slo  |c SNKBUCL  |e AACR2 
041 0 |a slo 
044 |a xo  |c SK 
080 |a 82.09:885.4-1(048)  |2 1997 
080 |a 885.4-1(048)  |2 1997 
100 1 |a Hochel, Igor,  |d 1953-  |4 aut  |9 101382 
245 1 0 |a Ťažká šifra s estetickou platnosťou  |c Igor Hochel 
650 0 7 |a slovenská poézia  |2 snkbucl  |9 215422 
650 0 7 |a básnické skladby, slovenské  |x recenzie  |2 snkbucl  |9 13853 
655 7 |a recenzie  |2 snkbucl  |9 21907 
655 7 |a články z novín a časopisov  |2 snkbucl  |9 267496 
773 0 |t Romboid  |g Roč. 33, č. 1 (1998), s. 72-73  |x 0231-6714 
787 0 8 |i Rec.:  |a Štrpka, Ivan, 1944-  |t Medzihry. Bábky kratšie o hlavu  |d Praha : Torst, 1997 
850 |a Slovenská národná knižnica 
852 |a Slovenská národná knižnica 
958 |a article15 
958 |a OND 
958 |a LX 
958 |a SK 
958 |a CZ 
958 |a EUIPO 
992 |a RBX 
999 |c 2808213  |d 2810143